| 000 | 01126nam a2200277 i 4500 | ||
|---|---|---|---|
| 001 | 190634 | ||
| 003 | ES-MaACL | ||
| 005 | 20240125130008.0 | ||
| 008 | 220225s2018 sp a 001 0 glg | ||
| 020 | _a978-84-9194-492-8 | ||
| 080 | _a663.97:338.45(460.111.2)(091) | ||
| 100 | 1 |
_aNaseiro Ramudo, Ana. _9174223 |
|
| 245 | 1 | 2 |
_aA Fábrica de Tabacos da Coruña e a Fábrica de Mistos : _bfactores de transformación dunha cidade / _cAna Naseiro Ramudo. |
| 250 | _a1ª ed. | ||
| 260 |
_a[Roquetas de Mar, Almería] : _bCírculo Rojo, _c2018. |
||
| 300 |
_a241 p. : _bplanos color ; _c24 cm. |
||
| 500 | _aAnexos documentales. | ||
| 504 | _aBibliografía: p. 235-240. | ||
| 586 | _aObra finalista no Premio de ensaio "Manuel Murguía" (2017) da Deputación da Coruña | ||
| 610 | 2 | 4 |
_aReal Fábrica de Tabacos de Palloza. _9174224 |
| 852 | 4 |
_aES-MaACL _jA-14897 _9197813 _bR.152436 _cDEPO1 _dOlim: N-7897 _gDedicatoria autógrafa de la autora _hDonación: Ana Naseiro Ramudo |
|
| 903 |
_9174223 _aNaseiro Ramudo, Ana _ednr |
||
| 942 |
_2udc _cMONOGRAFIA |
||
| 999 |
_c190634 _d190634 |
||